| 000 | 01762nam a2200529 i 4500 | ||
|---|---|---|---|
| 001 | 41894 | ||
| 003 | KOSZ 005 | ||
| 005 | 20221130101144.0 | ||
| 008 | 020918s2002 pl a f |000 0 pol | ||
| 015 | _aPB 2002/20520 | ||
| 020 | _a838859771X | ||
| 035 | _a991019421159705066 | ||
| 035 | _a(PL-WaBN)b15261529-48omnis_nlop | ||
| 035 | _ab15261529 | ||
| 035 | _a(OCoLC)749258664 | ||
| 035 | _a(PL)b0000001526152 | ||
| 035 | _a(EXLNZ-48OMNIS_NETWORK)9910000320805606 | ||
| 040 |
_aWA N _cWA N _dKOSZ 005/HR |
||
| 041 | 0 | _apol | |
| 046 | _k2002 | ||
| 080 | _a658.3 | ||
| 080 | _a331.1 | ||
| 080 | _a334.726 | ||
| 080 | _a005.95./.96 | ||
| 080 | _a(075.8) | ||
| 245 | 0 | 0 |
_aMiędzynarodowe zarządzanie zasobami ludzkimi / _cpod red. Aleksego Pocztowskiego. |
| 260 |
_aKraków : _bOficyna Ekonomiczna. Oddział Polskich Wydawnictw Profesjonalnych, _c2002. |
||
| 300 |
_a229 s. : _bil. ; _c24 cm. |
||
| 336 |
_2rdacontent _aTekst _btxt |
||
| 337 |
_2rdamedia _aBez urządzenia pośredniczącego _bn |
||
| 338 |
_2rdacarrier _aWolumin _bnc |
||
| 380 | _aKsiążki | ||
| 380 | _aPublikacje dydaktyczne | ||
| 385 |
_mPoziom nauczania _aSzkoły wyższe |
||
| 388 | _a2001- | ||
| 490 | 1 | _aZarządzanie Zasobami Ludzkimi (HR) | |
| 650 | 7 | _aZarządzanie zasobami ludzkimi (HRM) | |
| 650 | 7 |
_aPrzedsiębiorstwo wielonarodowe _2DBN |
|
| 655 | 7 |
_aPodręczniki akademickie _2DBN |
|
| 658 | _aZarządzanie i marketing | ||
| 650 | 7 | _aZatrudnienie | |
| 700 | 1 |
_aPocztowski, Aleksy _d(1956- ) _eRedakcja |
|
| 856 |
_uhttp://koha.tu.koszalin.pl/cgi-bin/koha/opac-detail.pl?biblionumber=41894 _zKatalog online BPK |
||
| 830 | 0 | _aZarządzanie Zasobami Ludzkimi HR | |
| 942 |
_2UKD _cKS |
||
| 999 |
_c41894 _d41894 |
||